Sports Quiz

Random Sports or Tennis Quiz

Australian Open Champs (A-Z) Quiz Stats

Quiz Updated Jan 16, 2017

Challenge
Share
Tweet
Embed
Score 0/20 Timer 05:00
0 Plays Today
Letter Champions % Correct
WWilander, Wawrinka, Wade, Williams
94.4%
NNewcombe, Nadal, Navratilova
93.2%
FFederer
90.9%
AAshe, Agassi, Azarenka
90.6%
SSampras, Safin, Seles, Sharapova
88.6%
DDjokovic, Davenport
85.6%
CConnors, Courier, Court, Capriati, Clijsters
79.6%
LLaver, Lendl, Li
77.8%
GGerulaitis, Goolagong, Graf
71.8%
EEdmondson, Edberg, Evert
71.5%
Letter Champions % Correct
BBecker
69.4%
HHingis, Henin
69%
KKriek, Korda, Kafelnikov, Kerber
40.4%
VVilas
34.7%
MMandlikova, Mauresmo
30.9%
PPierce
20.8%
RRosewall, Reid
20.6%
JJohansson, Jordan
18.9%
TTanner, Teacher
14.4%
OO'Neil
7.3%

You're not logged in!

Compare scores with friends on all Sporcle quizzes.
Sign Up with Email
OR
Log In

You Might Also Like...

Show Comments

Extras

Top Quizzes Today


Score Distribution

Your Account Isn't Verified!

In order to create a playlist on Sporcle, you need to verify the email address you used during registration. Go to your Sporcle Settings to finish the process.